00323nam a2200121Ia 4500008004100000041000800041082001600049100002100065245004500086260002700131300003400158365000900192240624s9999 xx 000 0 und d aeng a658.155 KOL aKOLETAR JOSEPH W aRETHINKING RISK HOW COMPANIES SABOTAGE T c2011aNew YorkbAMACOM axxviii, : 242 : p. : cm. ; 23 cb30